书目信息 |
| 题名: |
黄兴与中国革命
|
|
| 作者: | 薛君度 , Hsueh 著 ;杨慎之 译 | |
| 分册: | ||
| 出版信息: | 长沙 湖南人民出版社 1980 |
|
| 页数: | 284页 | |
| 开本: | 21cm | |
| 丛书名: | ||
| 单 册: | ||
| 中图分类: | K827.6 , K257 | |
| 科图分类: | ||
| 主题词: | 中国--历史--1840~1949 | |
| 电子资源: | ||
| ISBN: | ||
| 000 | 00981nam0 2200301 450 | |
| 001 | 1550151401 | |
| 005 | 20150127135730.37 | |
| 010 | @dCNY1.00 | |
| 091 | @a11109.132 | |
| 100 | @a19950605d1980 em y0chiy0110 ea | |
| 101 | 1 | @achi@ceng |
| 102 | @aCN@b420000 | |
| 105 | @af z 000yd | |
| 200 | 1 | @a黄兴与中国革命@9huang xing yu zhong guo ge ming@f(美)薛君度(Chun-tuHsueh)著@g杨慎之译 |
| 210 | @a长沙@c湖南人民出版社@d1980 | |
| 215 | @a284页@c照片@d21cm | |
| 300 | @a书名原文:Huang Hsing and the Chinese revolution | |
| 510 | 1 | @aHuang Hsing and the Chinese revolution@zeng |
| 600 | 0 | @a黄兴@f(1874~1916)@x生平事迹 |
| 600 | 0 | @2CT@3S033936@a黄兴@f(1874~1916) |
| 606 | 0 | @a中国@x历史@z1840~1949 |
| 690 | @aK827.6@v5 | |
| 690 | @aK257@v4 | |
| 701 | 1 | @c(美)@a薛君度@9xue jun du@c(Hsuth Chun-Tu@f1922~)@4著 |
| 701 | 1 | @aHsueh@bC.T.@4著 |
| 702 | 0 | @a杨慎之@9yang shen zhi@f(1924~1993)@4译 |
| 801 | 0 | @aCN@bTSSF@c20150127 |
| 905 | @aZUCC@dK257@eJY43 | |
| 黄兴与中国革命/(美)薛君度(Chun-tuHsueh)著/杨慎之译.-长沙:湖南人民出版社,1980 |
| 284页:照片;21cm |
| 书名原文:Huang Hsing and the Chinese revolution |
| ISBN :CNY1.00 |
| ● |
| 相关链接 |
|
|
|
|
正题名:黄兴与中国革命
索取号:K257/JY43
 
预约/预借
| 序号 | 登录号 | 条形码 | 馆藏地/架位号 | 状态 | 备注 |
| 1 | 7839050 | 278390509 | 学院路分馆/ [索取号:K257/JY43] | 在馆 |